00353cam a22001097a 4500008004000000082002300040100002500063245004900088260005500137300001100192440004000203180718b1955 xxu||||| |||| 00| 0 eng d aA81x5421 In2/51/10 aCensus of India 1951 aUttar Pradesh district census handbook, Etah aAllahabadbSuperintendent, Census Operationsc1955 a202+p. aCensus of India 1951. Uttar Pradesh